Polski sprzęt i uzbrojenie w armiach świata. - Statystyki

Ogólne statystyki
  • Ten quiz został rozwiązany 47 razy
  • Średni wynik to 12 z 31
Odpowiedzi na mapie
Odpowiedzi zakodowano w zielono-czerwonej skali na mapie do tego quizu, zgodnie z poniższymi procentami.
 
Statystyki odpowiedzi
Odpowiedź % Poprawnych
Ukraina
95%
Usa
91%
Czechy
79%
Litwa
79%
Niemcy
79%
Słowacja
74%
Estonia
67%
Rumunia
65%
Bułgaria
60%
Norwegia
51%
Polska
51%
Indie
49%
Chorwacja
47%
Serbia
37%
Irak
33%
Malezja
21%
Wietnam
21%
Filipiny
19%
Gruzja
19%
Indonezja
19%
Zjednoczone Emiraty Arabskie
16%
Algieria
14%
Mjanma
14%
Nigeria
14%
Jordania
12%
Nepal
12%
Kenia
9%
Kuwejt
9%
Rwanda
2%
Surinam
2%
Wenezuela
2%
Nie znaleziono quizów pasujących do podanych kryteriów
Rozkład punktacji
Procent ludzi z każdym wynikiem
Percentyl według liczby udzielonych odpowiedzi
Twoja historia wyników
Nie rozwiązałeś tego quizu